Особливості канадської системи освіти для іммігрантів в умовах багатокультурності (Запис № 284187)

МАРК-запис
000 -LEADER
fixed length control field 01588nam a22001577a 4500
041 ## - LANGUAGE CODE
Language code of text/sound track or separate title ukr
080 ## - UNIVERSAL DECIMAL CLASSIFICATION NUMBER
Universal Decimal Classification number 09
090 ## - LOCALLY ASSIGNED LC-TYPE CALL NUMBER (OCLC); LOCAL CALL NUMBER (OCLC)
Local cutter number (OCLC) ; Book number/undivided call number, CALL (RLIN) ШЕВ
100 ## - MAIN ENTRY--PERSONAL NAME
Personal name Шевчук Т.О.
245 ## - TITLE STATEMENT
Title Особливості канадської системи освіти для іммігрантів в умовах багатокультурності
260 ## - PUBLICATION, DISTRIBUTION, ETC. (IMPRINT)
Place of publication, distribution, etc Острог
Name of publisher, distributor, etc КАФ
Date of publication, distribution, etc 2009
300 ## - PHYSICAL DESCRIPTION
Extent 59
520 ## - SUMMARY, ETC.
Summary, etc ВСТУП<br/>РОЗДІЛ 1 ОСНОВНІ ЗАСАДИ ОСВІТИ В КАНАДІ<br/>1.1 Розвиток полікультурної освіти в Канаді.<br/>1.2 Рівні освітньої системи.<br/>1.3 Конфесійний дуалізм у школах Канади. Історія його розвитку.<br/>РОЗДІЛ 2 ОСВІТА ТА ІММІГРАЦІЙНА СИСТЕМА КАНАДИ<br/>2.1 Роль соціального статусу представників різного етносу в процесі здобуття освіти (на прикладі корінного населення).<br/>2.2 Інтеграція іммігрантів в освітній системі Канади.<br/>2.3 особливості освіти для іммігрантів провінції Квебек.<br/>2.3.1 Шкільна освіта, освіта у коледжах, приватні школи.<br/>2.3.2 Університетська освіта.<br/>2.4 Українська освіта в Канаді.<br/>ВИСНОВКИ
-- освіта, Канада, імміграційна система Канади
650 ## - SUBJECT ADDED ENTRY--TOPICAL TERM
Topical term or geographic name as entry element Research Papers
942 ## - ADDED ENTRY ELEMENTS (KOHA)
Koha item type Книги
Фонди
Withdrawn status Lost status Source of classification or shelving scheme Damaged status Not for loan Home library Current library Date acquired Source of acquisition Cost, normal purchase price Total Checkouts Full call number Barcode Date last seen Price effective from Koha item type
    Universal Decimal Classification     ВІЛ - Відділ іноземн. літератури НБ ВІЛ - Відділ іноземн. літератури НБ 16/04/2009 Акт №1 1.00   09 213439 15/12/2021 16/04/2009 Книги